La estampida de los fieles: los censos y la revolución religiosa en Chile

Сохранить в:
Библиографические подробности
Главный автор: Prado O., Juan Guillermo (Автор)
Формат:
Язык:испанский
Опубликовано: Valparaíso Alba S. A 2007
Предметы:
Метки: Добавить метку
Нет меток, Требуется 1-ая метка записи!

MARC

LEADER 00000cam a2200000 a 4500
001 UCF7086
003 CL-VaPUC
008 130606e20070800CL |||||||||||||||||spa|d
020 |a 9789568001148 
082 0 4 |a 200.983  |b PRA  |2 21 
100 0 |a Prado O., Juan Guillermo  |e author  |9 569061 
245 1 3 |a La estampida de los fieles: los censos y la revolución religiosa en Chile 
300 |a 160 p 
942 |c BK 
945 |d 20130606 00:00:00  |a dcastane 
260 |a Valparaíso  |b Alba S. A  |c 2007 
650 0 |a Iglesia Católica  |9 256114 
650 0 |a Religiones  |9 265211 
650 7 |a CENSOS  |2 CL-VaPUC  |9 317246 
583 |a last modification  |c 20130606 11:56:00  |k Rodrigo Vera 
999 |c 352011  |d 352009 
952 |0 0  |1 0  |4 0  |6 200_983000000000000_PRA_2007  |7 0  |8 A  |9 456496  |a BIBGIM  |b BIBGIM  |d 2019-11-22  |i 4974921  |o 200.983 PRA 2007  |p 4974921  |r 2025-01-15  |w 2019-11-22  |y BK  |k GIM